Welcome to CU Library Online Public Access Catalogue (OPAC)

The gendered society / (Record no. 3085)

MARC details
000 -LEADER
fixed length control field 00911cam a2200277 a 4500
001 - CONTROL NUMBER
control field 13288236
005 - DATE AND TIME OF LATEST TRANSACTION
control field 20260313114954.0
008 - FIXED-LENGTH DATA ELEMENTS--GENERAL INFORMATION
fixed length control field 030724s2004 nyuab b 001 0 eng
020 ## - INTERNATIONAL STANDARD BOOK NUMBER
International Standard Book Number 0195149750 (pbk.)
020 ## - INTERNATIONAL STANDARD BOOK NUMBER
International Standard Book Number 9780195149753
050 00 - LIBRARY OF CONGRESS CALL NUMBER
Classification number HQ1075
Item number .K547 2004
082 00 - DEWEY DECIMAL CLASSIFICATION NUMBER
Classification number 305.3
Edition information 22
100 1# - MAIN ENTRY--PERSONAL NAME
Personal name Kimmel, Michael S.
245 14 - TITLE STATEMENT
Title The gendered society /
Statement of responsibility, etc. Michael S. Kimmel.
250 ## - EDITION STATEMENT
Edition statement 2nd ed.
260 ## - PUBLICATION, DISTRIBUTION, ETC.
Place of publication, distribution, etc. New York :
Name of publisher, distributor, etc. Oxford University Press,
Date of publication, distribution, etc. 2004.
300 ## - PHYSICAL DESCRIPTION
Extent viii, 344 p. :
Other physical details ill., map ;
Dimensions 24 cm.
650 #0 - SUBJECT ADDED ENTRY--TOPICAL TERM
Topical term or geographic name entry element Sex role.
650 #0 - SUBJECT ADDED ENTRY--TOPICAL TERM
Topical term or geographic name entry element Sex differences (Psychology)
650 #0 - SUBJECT ADDED ENTRY--TOPICAL TERM
Topical term or geographic name entry element Gender identity.
650 #0 - SUBJECT ADDED ENTRY--TOPICAL TERM
Topical term or geographic name entry element Sex discrimination.
650 #0 - SUBJECT ADDED ENTRY--TOPICAL TERM
Topical term or geographic name entry element Equality.
856 42 - ELECTRONIC LOCATION AND ACCESS
Materials specified Publisher description
Uniform Resource Identifier <a href="http://www.loc.gov/catdir/enhancements/fy0615/2003060855-d.html">http://www.loc.gov/catdir/enhancements/fy0615/2003060855-d.html</a>
856 41 - ELECTRONIC LOCATION AND ACCESS
Materials specified Table of contents only
Uniform Resource Identifier <a href="http://www.loc.gov/catdir/enhancements/fy0615/2003060855-t.html">http://www.loc.gov/catdir/enhancements/fy0615/2003060855-t.html</a>
942 ## - ADDED ENTRY ELEMENTS (KOHA)
Source of classification or shelving scheme Library of Congress Classification
Koha item type Books
Suppress in OPAC No
999 ## -
-- 3085
-- 3085
Holdings
Withdrawn status Lost status Source of classification or shelving scheme Damaged status Not for loan Collection Home library Current library Shelving location Date acquired Total checkouts Full call number Barcode Date last seen Copy number Price effective from Koha item type
    Library of Congress Classification     Non-fiction Business Library (Miotso) Business Library (Miotso) General stacks 03/11/2026   HQ1075.K.547 BSSM00002729 03/13/2026 4 03/11/2026 Books
    Library of Congress Classification     Non-fiction Undergraduate Library (Christ Temple) Undergraduate Library (Christ Temple) General stacks 01/27/2025   HQ1075.K.547 ulct00000972 01/27/2025 1 01/27/2025 Books
    Library of Congress Classification     Non-fiction Undergraduate Library (Christ Temple) Undergraduate Library (Christ Temple) General stacks 01/27/2025   HQ1075.K.547 ulct00000973 01/27/2025 2 01/27/2025 Books
    Library of Congress Classification     Non-fiction Undergraduate Library (Christ Temple) Undergraduate Library (Christ Temple) General stacks 01/27/2025   HQ1075.K.547 ulct00000974 01/27/2025 3 01/27/2025 Books
© 2023-2024 Copyright: Central University Libraries. All Rights Reserved | Created by: Mahone Tech Office